000 00587nam a2200193 i 4500
001 99502
003 ES-MaACL
005 20230906182516.0
007 t|
008 050912s1972 sp ||||1| spa d
100 1 _aMartín Serrano, Manuel.
_977663
245 1 0 _aSociología del milagro "Las caras de Bélmez" /
_cManuel Martín Serrano.
260 _aBarcelona :
_bBarral,
_c1972.
300 _a492 p. ;
_c20 cm.
490 1 _aConocimiento de España ;
_v48
830 0 _aConocimiento de España ;
_v48
_9184532
852 _aES-MaACL
_jC-51158
_bR.82466
999 _c99502
_d99502